| 000 | 00676nam a2200217Ia 4500 | ||
|---|---|---|---|
| 003 | OSt | ||
| 005 | 20220923222044.0 | ||
| 006 | a|||||r|||| 00| 0 | ||
| 007 | ta | ||
| 008 | 220922b |||||||| |||| 00| 0 hin d | ||
| 024 | _a202,726 | ||
| 037 | _cTextual | ||
| 040 |
_aARTS _cARTS _bhin |
||
| 041 |
_2hin _ahin |
||
| 082 | _aO35:3xN2, 152K5 | ||
| 100 | _aरेड्डी, बालशौरि, अनु. | ||
| 245 | 0 | _aतेलुगु की बीस कहानियां | |
| 246 | _aTelugu kī bīs kahāniyāan | ||
| 942 |
_hO35:3xN2, 152K5 _cTEXL _2CC |
||
| 999 |
_c353550 _d353550 |
||